Гидрирование диалкилдисульфидов на нанесенных сульфидных катализаторах; Нефтехимия; Т. 44, № 1

Detaylı Bibliyografya
Parent link:Нефтехимия: научный журнал/ Российская академия наук (РАН).— , 1963-.— 0028-2421
Т. 44, № 1.— 2004.— С. 57-62
Yazar: Машкина А. В.
Diğer Yazarlar: Хайрулина Л. Н.
Dil:Rusça
Baskı/Yayın Bilgisi: 2004
Konular:
Materyal Türü: Kitap Bölümü
KOHA link:https://koha.lib.tpu.ru/cgi-bin/koha/opac-detail.pl?biblionumber=391146

MARC

LEADER 00000naa2a2200000 4500
001 391146
005 20231101064043.0
035 |a (RuTPU)RU\TPU\prd\24946 
090 |a 391146 
100 |a 20040407a2004 k y0rusy50 ca 
101 0 |a rus 
102 |a RU 
200 1 |a Гидрирование диалкилдисульфидов на нанесенных сульфидных катализаторах  |f А. В. Машкина, Л. Н. Хайрулина 
320 |a Библиогр.: 16 назв. 
461 1 |0 (RuTPU)RU\TPU\prd\1600  |x 0028-2421  |t Нефтехимия  |o научный журнал  |f Российская академия наук (РАН)  |d 1963- 
463 1 |0 (RuTPU)RU\TPU\prd\24187  |t Т. 44, № 1  |v С. 57-62  |d 2004 
610 1 |a гидрирование 
610 1 |a реакции восстановления 
610 1 |a атмосферное давление 
610 1 |a сульфидные катализаторы 
610 1 |a диалкилдисульфиды 
610 1 |a закономерности 
610 1 |a исследование 
700 1 |a Машкина  |b А. В. 
701 1 |a Хайрулина  |b Л. Н. 
801 1 |a RU  |b 63413507  |c 20040407  |g PSBO 
801 2 |a RU  |b 63413507  |c 20150604  |g RCR 
942 |c BK